|
|
|
|
| LEADER |
00000nab a2200000 a 4500 |
| 001 |
vtls000270253 |
| 003 |
SK-MaSNL |
| 005 |
20260318124853.0 |
| 008 |
180130c1986 xo 0 ukr |
| 015 |
|
|
|a SNBRB19rr/mm-uuuuu
|
| 035 |
|
|
|a CL0280367
|
| 040 |
|
|
|a SNKBUCL
|b slo
|c SNKBUCL
|e AACR2
|
| 041 |
0 |
|
|a ukr
|
| 044 |
|
|
|a xo
|c SK
|
| 080 |
|
|
|a 78.071.1
|2 1981
|
| 080 |
|
|
|a 378.124
|2 1981
|
| 080 |
|
|
|a 929 Cikker, Ján
|2 1981
|
| 100 |
1 |
|
|a Ťahla, Mikuláš
|4 aut
|9 1296105
|
| 245 |
1 |
0 |
|a Janu Cikkerovi - 75 rokiv
|c Mikuláš Ťahla
|
| 300 |
|
|
|b Obr. 2.
|
| 600 |
1 |
7 |
|a Cikker, Ján,
|d 1911-1989
|2 snkbucl
|9 119811
|
| 655 |
|
7 |
|a články z novín a časopisov
|2 snkbucl
|9 267496
|
| 773 |
0 |
|
|t Veselka
|g Roč. 35, č. 22 (24. 7. 1986), s. 5
|
| 850 |
|
|
|a Slovenská národná knižnica v Martine
|a MTA001
|
| 852 |
|
|
|a SNK
|b KIS3GCP
|
| 958 |
|
|
|a BX
|
| 958 |
|
|
|a RK
|
| 958 |
|
|
|a UK
|
| 992 |
|
|
|a RBX
|
| 999 |
|
|
|c 2589923
|d 2591853
|